Cvičení pro pozdní začátečníky 50 tréninkových sestav
Saved in:
| Main Author | |
|---|---|
| Format | Electronic eBook |
| Language | Czech |
| Published |
Grada
2026
|
| Edition | 1. elektronické vydání |
| Subjects | |
| Online Access | Dostupné v BOOKPORT po přihlášení pomocí eduID |
| ISBN | 978-80-271-8407-1 978-80-271-5466-1 |
| Physical Description | 1 online zdroj (144 stran) |
| LEADER | 00000nam a2200000 i 4500 | ||
|---|---|---|---|
| 001 | bkp14534 | ||
| 003 | CZ-prgp | ||
| 005 | 20260407112622.0 | ||
| 006 | m o d | ||
| 007 | cr cn | ||
| 008 | 260407s2026 xr o 000 0 cze | ||
| 020 | |a 978-80-271-8407-1 |c 297 Kč |q (online ; pdf) | ||
| 020 | |a 978-80-271-5466-1 |c 355 Kč |q (print) | ||
| 040 | |a Grada |b cze |e rda | ||
| 100 | 1 | |a Fastnerová, Gabi | |
| 245 | 1 | 0 | |a Cvičení pro pozdní začátečníky |b 50 tréninkových sestav |c Gabi Fastnerová |
| 250 | |a 1. elektronické vydání | ||
| 264 | 1 | |b Grada |c 2026 | |
| 300 | |a 1 online zdroj (144 stran) | ||
| 336 | |a text |b txt |2 rdacontent | ||
| 337 | |a počítač |b c |2 rdamedia | ||
| 338 | |a online zdroj |b cr |2 rdacarrier | ||
| 520 | 3 | |a 50 nejlepších tréninkových sestav, pomocí kterých můžete budovat sílu, zlepšovat výdrž, rovnováhu i schopnost orientace. Zároveň uvolníte svalové napětí, čímž zlepšíte pohyblivost a předejdete bolestem v zádech a kloubech. Budete se tak i jako pozdní začátečník cítit v lepší kondici, zdravější a mladší než kdy předtím! | |
| 650 | 0 | 4 | |a Fitness a kondice |
| 856 | 4 | 0 | |u https://www.bookport.cz/AccountSaml/SignIn/?idp=https://shibboleth.utb.cz/idp/shibboleth&returnUrl=/kniha/cviceni-pro-pozdni-zacatecniky-15889/ |y Dostupné v BOOKPORT po přihlášení pomocí eduID |